Password sniffing on campus lan (Record no. 5044)
[ view plain ]
| 000 -LEADER | |
|---|---|
| fixed length control field | 01549nam a22001697a 4500 |
| 003 - CONTROL NUMBER IDENTIFIER | |
| control field | OSt |
| 005 - DATE AND TIME OF LATEST TRANSACTION | |
| control field | 20220107122810.0 |
| 008 - FIXED-LENGTH DATA ELEMENTS--GENERAL INFORMATION | |
| fixed length control field | 160328b xxu||||| |||| 00| 0 eng d |
| 040 ## - CATALOGING SOURCE | |
| Transcribing agency | |
| 100 ## - MAIN ENTRY--PERSONAL NAME | |
| Personal name | Sreedhu Madhusudanan (93613030) |
| 9 (RLIN) | 8752 |
| 245 ## - TITLE STATEMENT | |
| Title | Password sniffing on campus lan |
| 502 ## - DISSERTATION NOTE | |
| Degree type | Master of Science in Computer Science and Information security |
| Name of granting institution | 2013-2015 |
| Year degree granted | EXT |
| -- | Rajasree M S |
| -- | Anil Prabhakar |
| Miscellaneous information | "Indian Institute of Technology, Madras" |
| 520 ## - SUMMARY, ETC. | |
| Summary, etc. | Hacking is a method of stealing information. Password sniffing is a common hacking technique in which steal the password and used for their own purposes. Through this project sniffing password from LAN is by a tool wlans. This can access the LAN. It includes fast port scanner for gathering information about open ports on remote computer also it shares user accounts. Using python scripts identify the active users on LAN and see usernames, passwords. Steal the victim’s cookies. Inject arbitrary HTML into pages they visit. Hook their browser with BEeF (Browser Exploitation Tool) and send them a fake flash update to download whatever payload you want. Take total control or silently watch victim’s every movement. This is a multithreaded, asynchronous packet parsing or injecting ARP poisoner. Through this tool we can access the hooked systems: URLs visited, usernames, passwords, messages, and searches made, perform a fast and simple port scan prior to catching their packets. |
| 650 ## - SUBJECT ADDED ENTRY--TOPICAL TERM | |
| Topical term or geographic name entry element | SECURITY AND PRIVACY |
| 9 (RLIN) | 8753 |
| 650 ## - SUBJECT ADDED ENTRY--TOPICAL TERM | |
| Topical term or geographic name entry element | NETWORK SECURITY |
| 9 (RLIN) | 8754 |
| 942 ## - ADDED ENTRY ELEMENTS (KOHA) | |
| Source of classification or shelving scheme | Dewey Decimal Classification |
| Koha item type | |
| Withdrawn status | Lost status | Source of classification or shelving scheme | Damaged status | Not for loan | Home library | Current library | Date acquired | Total Checkouts | Barcode | Date last seen | Price effective from | Koha item type |
|---|---|---|---|---|---|---|---|---|---|---|---|---|
| Dewey Decimal Classification | IIITM-K | Kerala University of Digital Sciences, Innovation and Technology Knowledge Centre | 28/03/2016 | R-729 | 28/03/2016 | 28/03/2016 | Project Reports |